Shepherding a child's heart / (Record no. 49839)
| 000 -LEADER | |
|---|---|
| fixed length control field | 02737nam a2200397 4500 |
| 010 ## - LIBRARY OF CONGRESS CONTROL NUMBER | |
| LC control number | 2023279298 |
| 020 ## - INTERNATIONAL STANDARD BOOK NUMBER | |
| International Standard Book Number | 0966378601 |
| Qualifying information | (pbk.) |
| 020 ## - INTERNATIONAL STANDARD BOOK NUMBER | |
| International Standard Book Number | 9780966378603 |
| Qualifying information | (pbk.) |
| 035 ## - SYSTEM CONTROL NUMBER | |
| System control number | 23321854 |
| 035 ## - SYSTEM CONTROL NUMBER | |
| System control number | (OCoLC)62247770 |
| 040 ## - CATALOGING SOURCE | |
| Original cataloging agency | CQU |
| Language of cataloging | eng |
| Description conventions | rda |
| Transcribing agency | CQU |
| Modifying agency | WTS |
| -- | VP@ |
| -- | SGB |
| -- | OCLCF |
| -- | OCLCQ |
| -- | WIMVL |
| -- | OCLCQ |
| -- | QQ3 |
| -- | MQT |
| -- | OCLCO |
| -- | DLC |
| 042 ## - AUTHENTICATION CODE | |
| Authentication code | lccopycat |
| 050 00 - LIBRARY OF CONGRESS CALL NUMBER | |
| Classification number | HQ769 |
| Item number | .T755 2005 |
| 082 04 - DEWEY DECIMAL CLASSIFICATION NUMBER | |
| Classification number | 649.7 |
| 100 ## - MAIN ENTRY--PERSONAL NAME | |
| Personal name | Tripp, Tedd, |
| Relator term | author. |
| 9 (RLIN) | 86980 |
| 245 10 - TITLE STATEMENT | |
| Title | Shepherding a child's heart / |
| Statement of responsibility, etc | Tedd Tripp. |
| 250 ## - EDITION STATEMENT | |
| Edition statement | Second edition. |
| 260 ## - PUBLICATION, DISTRIBUTION, ETC. (IMPRINT) | |
| Name of publisher, distributor, etc | Shepherd Press.; |
| Date of publication, distribution, etc | January 1, 1995. |
| 300 ## - PHYSICAL DESCRIPTION | |
| Extent | 212 pages : |
| Other physical details | illustrations ; |
| Dimensions | 23 cm. |
| 500 ## - GENERAL NOTE | |
| General note | "Revised and updated"--Cover. |
| 500 ## - GENERAL NOTE | |
| General note | "A Shepherding the heart resource"--Cover. |
| 500 ## - GENERAL NOTE | |
| General note | Includes index. |
| 505 0# - FORMATTED CONTENTS NOTE | |
| Formatted contents note | Preface to second edition -- Preface to first edition -- Foreword -- Introduction -- Part 1 : Foundations for biblical childrearing. Getting to the heart of behavior -- Your child's development : shaping influences -- Your child's development : Godward orientation -- You're in charge -- Examining your goals -- Reworking your goals -- Discarding unbiblical methods -- Embracing biblical methods : communication -- Embracing biblical methods : types of communication -- Embracing biblical methods : a life of communication -- Embracing biblical methods : the rod -- Embracing biblical methods : appeal to the conscience -- Shepherding the heart summarized -- Part 2 : Shepherding through the stages of childhood. Infancy to childhood : training objectives -- Infancy to childhood : training procedures -- Childhood : training objectives -- Childhood : training procedures -- Teenagers : training objectives -- Teenagers : training procedures. |
| 520 ## - SUMMARY, ETC. | |
| Summary, etc | Shepherding a Child's Heart is about how to speak to the heart of your child. The things your child does and says flow from the heart. Luke 6:45 puts it this way: "out of the overflow of the heart the mouth speaks (NIV)." Written for parents with children of any age, this insightful book provides perspectives and procedures for shepherding your child's heart into the paths of life. - Back cover. |
| 650 #0 - SUBJECT ADDED ENTRY--TOPICAL TERM | |
| Topical term or geographic name as entry element | Child rearing |
| General subdivision | Religious aspects |
| -- | Christianity. |
| 650 #0 - SUBJECT ADDED ENTRY--TOPICAL TERM | |
| Topical term or geographic name as entry element | Parenting |
| General subdivision | Biblical teaching. |
| 9 (RLIN) | 86981 |
| 650 #0 - SUBJECT ADDED ENTRY--TOPICAL TERM | |
| Topical term or geographic name as entry element | Parent and child |
| General subdivision | Biblical teaching. |
| 9 (RLIN) | 2026 |
| 650 #6 - SUBJECT ADDED ENTRY--TOPICAL TERM | |
| Topical term or geographic name as entry element | RĂ´le parental |
| General subdivision | Enseignement biblique. |
| 9 (RLIN) | 86982 |
| 650 #6 - SUBJECT ADDED ENTRY--TOPICAL TERM | |
| Topical term or geographic name as entry element | Parents et enfants |
| General subdivision | Enseignement biblique. |
| 9 (RLIN) | 86983 |
| 650 #7 - SUBJECT ADDED ENTRY--TOPICAL TERM | |
| Topical term or geographic name as entry element | Child rearing |
| General subdivision | Religious aspects |
| -- | Christianity. |
| 9 (RLIN) | 86984 |
| 650 ## - SUBJECT ADDED ENTRY--TOPICAL TERM | |
| Topical term or geographic name as entry element | Parent and child |
| General subdivision | Biblical teaching. |
| 9 (RLIN) | 2026 |
| 650 #7 - SUBJECT ADDED ENTRY--TOPICAL TERM | |
| Topical term or geographic name as entry element | Parenting |
| General subdivision | Biblical teaching. |
| 9 (RLIN) | 86981 |
| 655 #4 - INDEX TERM--GENRE/FORM | |
| Genre/form data or focus term | Nonfiction. |
| 9 (RLIN) | 66668 |
| 655 #7 - INDEX TERM--GENRE/FORM | |
| Genre/form data or focus term | Nonfiction. |
| Source of term | lcgft |
| 9 (RLIN) | 66668 |
| 942 ## - ADDED ENTRY ELEMENTS (KOHA) | |
| Source of classification or shelving scheme | |
| Koha item type | Book |
| Withdrawn status | Lost status | Source of classification or shelving scheme | Damaged status | Not for loan | Home library | Current library | Date acquired | Total Checkouts | Full call number | Barcode | Date last seen | Date checked out | Price effective from | Koha item type |
|---|---|---|---|---|---|---|---|---|---|---|---|---|---|---|
| Logos International School | Logos International School | 12/03/2025 | 1 | 248.845 TRI | 040738 | 02/20/2026 | 02/19/2026 | 12/03/2025 | Book |